[Event "La Mancha-ch"]
[Site "Valverde de Jucar"]
[Date "2017.07.06"]
[Round "1.4"]
[White "Tierraseca Montero, Pablo"]
[Black "Lopez Garcia, Natalio Miguel"]
[Result "1-0"]
[WhiteElo "2164"]
[BlackElo "1833"]
[PlyCount "75"]
[EventDate "2017.07.06"]
[EventType "swiss"]
[EventRounds "6"]
[EventCountry "ESP"]
[SourceTitle "EXT 2024"]
[Source "ChessBase"]
[SourceDate "2023.10.10"]
[SourceVersion "1"]
[SourceVersionDate "2023.10.10"]
[SourceQuality "1"]

1. e4 c5 2. b3 Nc6 3. Bb2 d6 4. Bb5 Bd7 5. Ne2 Nf6 6. d3 a6 7. Bxc6 Bxc6 8. 0-0 e6 9. Nd2 Be7 10. h3 0-0 11. f4 d5 12. e5 Nd7 13. d4 Bb5 14. c4 Bc6 15. Kh1 b5 16. f5 exf5 17. Rxf5 bxc4 18. bxc4 Rb8 19. Qc2 dxc4 20. Nxc4 Bd5 21. Ne3 Be6 22. Rf2 Bg5 23. Nf4 Bxf4 24. Rxf4 Qg5 25. Re4 cxd4 26. Bxd4 Rb5 27. a4 Rbb8 28. Qe2 a5 29. Nc4 Bxc4 30. Qxc4 Rb4 31. Qd5 Qf5 32. Qxa5 Qxe4 33. Qxb4 Rb8 34. Qd6 Rb1+ 35. Rxb1 Qxb1+ 36. Kh2 Qf5 37. a5 Qf1 38. Qxd7 1-0